| 000 | 02990nam a2200517 a 4500 | ||
|---|---|---|---|
| 999 |
_c197701 _d197701 |
||
| 003 | BLK | ||
| 005 | 20240322005329.0 | ||
| 008 | 180411b bul|||||r ||||||| ||bul|| | ||
| 010 | _aKNG00206985000 | ||
| 020 | _a978-954-9913-61-3 | ||
| 040 | _aBLK | ||
| 041 |
_aBUL _cBUL |
||
| 072 | 7 |
_2bullib _aН33 _xИкономика Н |
|
| 080 |
_aИкономическо положение. Икономическа политика. Управление. Планиране. Производство. Услуги. Цени _b338 _x:001.89 _z338:001.89 |
||
| 080 |
_aУправление на предприятията. Организация на производството, търговията, транспорта и съобщенията. Полиграфическа промишленост и издателско дело _b005 _x.001.76 _z005.001.76 |
||
| 080 |
_aФактори на икономическото развитие. - Развитие на производството. Технически прогрес. Институционни промени. Структурни промени. Индустриализация. Концентрация. Централизация, децентрализация _b330.341 _z330.341 |
||
| 080 |
_aТехнически прогрес _b62.001.71 _z62.001.71 |
||
| 080 |
_aМашини и устройства за обработка на данни. Вж и 003 ; 007 ; 621.391 ; 65.011.56 _b681.3 _z681.3 |
||
| 100 | 1 |
_aРос, Алек _eпърви автор _9347956 |
|
| 139 |
_aРос, Алек _bР 85 |
||
| 245 | 1 | 0 |
_aИндустриите на бъдещето _cАлек Рос; прев. Антоанета Дончева-Стаматова. |
| 257 | _aUSA | ||
| 260 |
_bНСМ - Медиа _c2017 _aСофия |
||
| 300 |
_a320 с. _c22 см |
||
| 380 | _a3 | ||
| 500 | _aОриг. загл. The Industries of the Future / Alec Ross. | ||
| 650 | 4 |
_aИновации - икономически аспекти _9347957 |
|
| 650 | 4 |
_aПромишлени предприятия - нови технологии _9285944 |
|
| 650 | 0 |
_aТехнически прогрес _9260527 |
|
| 650 | 4 |
_aСтопански предприятия - нови технологии _9280394 |
|
| 650 | 4 |
_aИнформационни и комуникационни технологии - иновации _9340787 |
|
| 653 | _aнови технологии | ||
| 653 | _aтехнически прогрес | ||
| 653 | _aинформационни технологии | ||
| 653 | _aроботи | ||
| 653 | _aиновации | ||
| 659 | _aН | ||
| 700 | 1 |
_aДончева-Стаматова, Антоанета Антонова _eпрев. _9365601 |
|
| 852 | _aЦб 285799 | ||
| 856 | 4 | _qpdf | |
| 856 | 4 | _qpdf | |
| 942 |
_cKNG _n0 _09 _s1 |
||
| 944 |
_aCR _c26.05.2017 _lCRON CRON _k |
||
| 944 |
_aED _c29.07.2017 _lф / _kЛюдмила_Стоянова |
||
| 999 | _d197701 | ||